000
00221nam a2200097Ia 4500
008
240331s9999 xx 000 0 und d
082
_b
FOR
100
_a
Logo. ed
245
0
_a
Foreign Debt :
_b
Is there a way out?
942
_c
L
999
_c
2675
_d
2675